01001 2200349 4500001002100000005001500021035002500036090001700061090001800078090002200096245009200118260003800210300002500248008004100273020002200314040001700336082001200353084001400365100002800379250002000407650003800427700002500465850001200490041000800502504003300510990002200543990001600565990001600581990002200597990001600619990001600635YOGYA-1112000000043420181023100234 a0010-111200000000434 aPK 648 PUG t aDEP 648 PUG t aCB-D.11/2010-125600aTips merawat rumah biasa jadi istimewa /cPuguh Windrawan; editor, Rose Kusumaningratri aYogyakarta :bA+Plus Books,c2010 a172 halaman ;c20 cm121123s2010 yoi g | ind d a978-979-25-4803-7 aYOPDYOGbind04223a648 a648 PUG t0 aPuguh Windrawan,d1978- aCetakan I, 2010 4aRumah--xkesehatan dan kebersihan0 aRose Kusumaningratri aYOPDYOG0 aind aBibliografi: halaman 167-170 aCB-D.11/2010-1256 a971-PK/B.12 a872-PK/B.12 aCB-D.11/2010-1256 a971-PK/B.12 a872-PK/B.12